[Event "40th Guernsey Open 2014"]
[Site "Vale GCI"]
[Date "2014.10.19"]
[Round "1.1"]
[White "Sikkel, Dirk"]
[Black "Hansen, Eric"]
[Result "0-1"]
[BlackTitle "GM"]
[WhiteElo "2007"]
[BlackElo "2574"]
[WhiteFideId "1050079"]
[BlackFideId "2606771"]
[EventDate "2014.10.19"]
[EventType "swiss"]

1. e4 c5 2. Nf3 e6 3. b3 b6 4. Bb2 Bb7 5. Nc3 Nc6 6. Be2 Be7 7. O-O Bf6 8. Re1
Nge7 9. Na4 Bxb2 10. Nxb2 d5 11. exd5 Nxd5 12. d4 Nc3 13. Qd3 cxd4 14. Bf1 O-O
15. a3 Qf6 16. Nc4 Rad8 17. Ncd2 Ne7 18. Ne5 Rfe8 19. Qg3 Nf5 20. Qh3 Qh6 21.
Qxh6 Nxh6 22. Bd3 f6 23. Nec4 e5 24. Ne4 Bxe4 25. Bxe4 b5 26. Nb2 f5 27. Bd3 e4
28. Be2 Nf7 29. Nd1 Nxe2+ 30. Rxe2 d3 31. cxd3 Rxd3 32. Rb1 Red8 33. Ne3 Nd6 34.
g3 Rc8 35. Rc2 Rxc2 36. Nxc2 a5 37. Kf1 g5 38. Ne1 Rc3 39. Ke2 Kf7 40. Kd2 Rc5
41. Nc2 Kf6 42. Ne3 f4 43. Nc2 Rd5+ 44. Ke2 Nf7 45. Rb2 Rd3 46. Ke1 Ke5 47. Ke2
h5 48. Kf1 Rd2 49. Ke1 e3 50. fxe3 fxe3 0-1

[Event "40th Guernsey Open 2014"]
[Site "Vale GCI"]
[Date "2014.10.19"]
[Round "1.2"]
[White "Hillarp Persson, Tiger"]
[Black "Thurlow, Kevin J"]
[Result "1-0"]
[WhiteTitle "GM"]
[BlackTitle "CM"]
[WhiteElo "2555"]
[BlackElo "2005"]
[WhiteFideId "1700812"]
[BlackFideId "406104"]
[EventDate "2014.10.19"]
[EventType "swiss"]

1. d4 Nf6 2. c4 e6 3. Nc3 d5 4. Nf3 c5 5. e3 Nc6 6. cxd5 exd5 7. Bb5 a6 8. Bxc6+
bxc6 9. O-O Bd6 10. dxc5 Bxc5 11. b3 O-O 12. Bb2 Qe7 13. Rc1 Bd7 14. Na4 Ba7 15.
Ne5 Rac8 16. Qd3 a5 17. Qa6 Bb8 18. Nxd7 Qxd7 19. Bxf6 Qd6 20. g3 Qxf6 21. Rc2
h5 22. Rfc1 h4 23. Qe2 Rfe8 24. Qg4 hxg3 25. hxg3 Ba7 26. Kg2 Rc7 27. Nc3 Qe5
28. Nb5 f5 29. Qf3 Rb7 30. Nxa7 Rxa7 31. Rxc6 a4 32. Rd1 Rd8 33. Rc5 axb3 34.
axb3 Rad7 35. Rd4 Kf7 36. b4 Ke6 37. Qh5 Qf6 38. b5 g5 39. Qd1 Qe5 40. Qa4 g4
41. Rc6+ Kf7 42. b6 Qh8 43. Qc2 Qh3+ 44. Kg1 Rh8 45. Qxf5+ Ke7 46. Qf6+ 1-0

[Event "40th Guernsey Open 2014"]
[Site "Vale GCI"]
[Date "2014.10.19"]
[Round "1.3"]
[White "Kraft, Karl-Heinz"]
[Black "Hambleton, Aman"]
[Result "0-1"]
[BlackTitle "IM"]
[WhiteElo "2004"]
[BlackElo "2456"]
[WhiteFideId "12924121"]
[BlackFideId "2606577"]
[EventDate "2014.10.19"]
[EventType "swiss"]

1. e4 c5 2. b3 Nc6 3. Bb2 e5 4. Bc4 d6 5. Nc3 Nf6 6. d3 a6 7. a4 Be7 8. Nge2 O-O
9. O-O Nd4 10. Nd5 Bg4 11. f3 Be6 12. Ng3 Nxd5 13. Bxd5 Qd7 14. c3 Nc6 15. Bc1
Bd8 16. Be3 Bxd5 17. exd5 Ne7 18. c4 f5 19. f4 exf4 20. Bxf4 Ng6 21. Nh5 Ne5 22.
Qd2 g6 23. Ng3 Bf6 24. Rae1 b5 25. a5 Rab8 26. Bh6 Rf7 27. Bg5 Bg7 28. Rb1 Qe8
29. Ne2 bxc4 30. bxc4 Rfb7 31. Nc3 Nf3+ 32. gxf3 Bxc3 33. Qc2 Rb2 34. Rxb2 Rxb2
35. Qd1 Qe5 36. f4 Qe3+ 37. Kh1 Qh3 0-1

[Event "40th Guernsey Open 2014"]
[Site "Vale GCI"]
[Date "2014.10.19"]
[Round "1.4"]
[White "Burton, Ronnie"]
[Black "De Haan, Eric"]
[Result "0-1"]
[BlackTitle "FM"]
[WhiteElo "1983"]
[BlackElo "2282"]
[WhiteFideId "408441"]
[BlackFideId "1005006"]
[EventDate "2014.10.19"]
[EventType "swiss"]

1. c4 c5 2. g3 Nc6 3. Bg2 g6 4. Nc3 Bg7 5. a3 d6 6. b4 cxb4 7. axb4 Nxb4 8. Qa4+
Nc6 9. Bxc6+ bxc6 10. Qxc6+ Bd7 11. Qa6 Nf6 12. Rb1 O-O 13. Nf3 Bg4 14. Rb4 Nd7
15. O-O Nc5 16. Qa3 a5 17. Rb5 Bd7 18. Rb1 a4 19. d3 Bc6 20. Rd1 Nb3 21. Bb2
Bxf3 22. exf3 Nd4 23. Kg2 Nc2 24. Qa2 a3 25. Bc1 Bxc3 26. Qxc2 a2 0-1

[Event "40th Guernsey Open 2014"]
[Site "Vale GCI"]
[Date "2014.10.19"]
[Round "1.5"]
[White "Tjiam, Dharma"]
[Black "Kirby, Peter J."]
[Result "1-0"]
[WhiteTitle "IM"]
[BlackTitle "CM"]
[WhiteElo "2386"]
[BlackElo "1985"]
[WhiteFideId "1001493"]
[BlackFideId "409014"]
[EventDate "2014.10.19"]
[EventType "swiss"]

1. d4 Nf6 2. c4 g6 3. Nc3 d5 4. Nf3 Bg7 5. Qa4+ Bd7 6. Qb3 dxc4 7. Qxc4 O-O 8.
Bf4 Be6 9. Qxc7 Qxc7 10. Bxc7 Na6 11. Bg3 Nb4 12. Kd2 Rfd8 13. e3 Nh5 14. Bb5 a6
15. a3 axb5 16. axb4 Nxg3 17. Rxa8 Rxa8 18. hxg3 Bd7 19. Nd5 e6 20. Nb6 Rd8 21.
Nxd7 Rxd7 22. Rc1 Bf8 23. Rc8 f6 24. Kc3 Kf7 25. Nd2 Bd6 26. Ne4 b6 27. Kb3 e5
28. Rc6 Ke6 29. Rxb6 exd4 30. Nc5+ 1-0

[Event "40th Guernsey Open 2014"]
[Site "Vale GCI"]
[Date "2014.10.19"]
[Round "1.6"]
[White "Wustefeld, Carl"]
[Black "Bolt, Graham"]
[Result "1-0"]
[WhiteElo "2256"]
[BlackElo "1981"]
[WhiteFideId "1006347"]
[BlackFideId "410438"]
[EventDate "2014.10.19"]
[EventType "swiss"]

1. d4 g6 2. e4 Bg7 3. Nc3 d6 4. Bc4 e6 5. Nf3 a6 6. a4 b6 7. h4 h6 8. Qe2 Nd7 9.
Bf4 Bb7 10. Bb3 Ne7 11. Rd1 Nf6 12. e5 Nfd5 13. Nxd5 Nxd5 14. Bg3 Qe7 15. c3 a5
16. exd6 cxd6 17. Bxd5 Bxd5 18. Qb5+ Qd7 19. Qxb6 Bxf3 20. gxf3 O-O 21. Qb5 Qc7
22. O-O Rab8 23. Qe2 Rb3 24. Rd2 Qc6 25. Rfd1 Rfb8 26. h5 g5 27. f4 Bf6 28. d5
exd5 29. Rxd5 Rxb2 30. Qg4 Rb1 31. Kh2 Rxd1 32. Rxd1 Qxa4 33. Rxd6 Bg7 34. Qf3
gxf4 35. Bxf4 Qc4 36. Rc6 Qb5 37. Bxb8 Qxb8+ 38. Kg2 Kh7 39. Qf5+ Kg8 40. Qc8+
Qxc8 41. Rxc8+ Kh7 42. c4 Be5 43. c5 a4 44. c6 1-0

[Event "40th Guernsey Open 2014"]
[Site "Vale GCI"]
[Date "2014.10.19"]
[Round "1.7"]
[White "Campbell, Ian"]
[Black "Mack, Wolfgang"]
[Result "1/2-1/2"]
[BlackTitle "FM"]
[WhiteElo "1980"]
[BlackElo "2219"]
[WhiteFideId "415219"]
[BlackFideId "4685458"]
[EventDate "2014.10.19"]
[EventType "swiss"]

1. d4 d5 2. Nf3 Nc6 3. Bf4 Bg4 4. Nbd2 e6 5. c3 Bd6 6. Bg3 Nge7 7. e3 Nf5 8.
Bxd6 cxd6 9. h3 Bxf3 10. Nxf3 O-O 11. Bd3 Nh4 12. Nxh4 Qxh4 13. Qf3 Rac8 14. g3
Qe7 15. O-O-O a6 16. Kb1 b5 17. Rc1 Na5 18. Rhd1 Rc7 19. Qg2 Rfc8 20. f4 Rc6 21.
Rc2 Nc4 22. Bxc4 Rxc4 23. Rdc1 Qc7 24. Qd2 a5 25. b3 Rc6 26. Qd3 Qb7 27. g4 R6c7
28. Kb2 Re8 29. Rd1 Rce7 30. h4 b4 31. cxb4 axb4 32. Rdc1 g6 33. h5 e5 34. hxg6
fxg6 35. dxe5 dxe5 36. f5 gxf5 37. gxf5 Rf8 38. Rc6 Qd7 39. Rc7 Qxc7 40. Rxc7
Rxc7 41. Qxd5+ Rff7 42. Qd8+ 1/2-1/2

[Event "40th Guernsey Open 2014"]
[Site "Vale GCI"]
[Date "2014.10.19"]
[Round "1.8"]
[White "Broek, Thomas"]
[Black "Spanton, Tim R"]
[Result "1/2-1/2"]
[WhiteElo "2201"]
[BlackElo "1975"]
[WhiteFideId "1005731"]
[BlackFideId "404802"]
[EventDate "2014.10.19"]
[EventType "swiss"]

1. Nf3 Nc6 2. e4 e5 3. Nc3 Nf6 4. d4 exd4 5. Nd5 Be7 6. Bc4 O-O 7. O-O Nxe4 8.
Re1 Nf6 9. Nxe7+ Nxe7 10. Bg5 Nc6 11. Nxd4 d5 12. Bb3 h6 13. Bh4 Nxd4 14. Qxd4
c6 15. Rad1 Be6 16. f4 Qb6 17. Bxf6 gxf6 18. Qxb6 axb6 19. Re3 Rfe8 20. a4 Bf5
21. Rde1 Kf8 22. Kf2 Rxe3 23. Rxe3 Re8 24. Rxe8+ Kxe8 25. c3 Be4 26. g4 Kf8 27.
Ke3 Bb1 28. h4 Ke7 29. Bd1 Kd6 30. Kd4 Ke6 31. b4 Kd6 32. Ke3 c5 33. b5 Ke6 34.
Bb3 Kd6 35. Bd1 Ke6 1/2-1/2

[Event "40th Guernsey Open 2014"]
[Site "Vale GCI"]
[Date "2014.10.19"]
[Round "1.9"]
[White "Dijksterhuis, Rolf"]
[Black "Brown, Rowan M"]
[Result "1-0"]
[WhiteElo "1971"]
[BlackElo "2195"]
[WhiteFideId "1006452"]
[BlackFideId "404756"]
[EventDate "2014.10.19"]
[EventType "swiss"]

1. d4 Nf6 2. c4 c5 3. e3 g6 4. Nf3 Bg7 5. Nc3 O-O 6. Be2 b6 7. O-O Bb7 8. d5 d6
9. e4 b5 10. cxb5 a6 11. b6 Nbd7 12. h3 Nxb6 13. Be3 a5 14. a4 Nfd7 15. Nd2 Rb8
16. Nc4 Nxc4 17. Bxc4 Ne5 18. Bb5 c4 19. Bd4 Qc7 20. Qd2 f5 21. exf5 Rxf5 22. f4
Nd3 23. Bxg7 Qc5+ 24. Kh2 Kxg7 25. g4 Rf7 26. b3 Rbf8 27. Bxc4 Nxf4 28. Ne4 Qb4
29. Qxb4 axb4 30. Ng5 Rf6 31. Rae1 Nxd5 32. Ne6+ Rxe6 33. Rxe6 Rxf1 34. Bxf1 Kf7
35. Re4 Kf6 36. a5 e5 37. a6 Ba8 38. Bg2 Ke6 39. Rc4 1-0

[Event "40th Guernsey Open 2014"]
[Site "Vale GCI"]
[Date "2014.10.19"]
[Round "1.10"]
[White "Hess, Christian1"]
[Black "Da Ces, Philippe"]
[Result "1/2-1/2"]
[WhiteTitle "FM"]
[WhiteElo "2185"]
[BlackElo "1969"]
[WhiteFideId "4605969"]
[BlackFideId "202665"]
[EventDate "2014.10.19"]
[EventType "swiss"]

1. Nf3 d5 2. c4 c6 3. cxd5 cxd5 4. d4 Nf6 5. Nc3 Nc6 6. Bf4 Nh5 7. Be5 e6 8. e3
Be7 9. Bd3 f6 10. Bg3 f5 11. Rc1 O-O 12. Be5 Nf6 13. Bxf6 Bxf6 14. a3 Bd7 15.
O-O Na5 16. Ne5 Bxe5 17. dxe5 Rc8 18. Ne2 Qb6 19. Rxc8 Rxc8 20. b4 Nc6 21. Qa1
Qc7 22. f4 1/2-1/2

[Event "40th Guernsey Open 2014"]
[Site "Vale GCI"]
[Date "2014.10.19"]
[Round "1.11"]
[White "Downey, Keith"]
[Black "Norman, Kenneth I"]
[Result "0-1"]
[BlackTitle "CM"]
[WhiteElo "1968"]
[BlackElo "2153"]
[WhiteFideId "10700250"]
[BlackFideId "402419"]
[EventDate "2014.10.19"]
[EventType "swiss"]

1. Nf3 g6 2. d4 Nf6 3. g3 Bg7 4. Bg2 O-O 5. O-O d5 6. c4 dxc4 7. Na3 c3 8. bxc3
c5 9. e3 Nc6 10. Qe2 Bf5 11. Rd1 Be4 12. Bb2 cxd4 13. cxd4 Qa5 14. Qb5 Qxb5 15.
Nxb5 Nd5 16. a4 Rfd8 17. Rac1 a6 18. Na3 Nb6 19. a5 Nxa5 20. Rc7 Nd5 21. Rc5 Nb3
22. Rc4 b5 23. Rc2 Bxc2 24. Nxc2 Rac8 25. Nfe1 a5 26. e4 Nc3 0-1

[Event "40th Guernsey Open 2014"]
[Site "Vale GCI"]
[Date "2014.10.19"]
[Round "1.12"]
[White "Jackson, Oliver A"]
[Black "von Saldern, Ruediger"]
[Result "1-0"]
[WhiteTitle "FM"]
[WhiteElo "2142"]
[BlackElo "1966"]
[WhiteFideId "403156"]
[BlackFideId "4635175"]
[EventDate "2014.10.19"]
[EventType "swiss"]

1. e4 e5 2. f4 exf4 3. Nf3 Ne7 4. d4 d5 5. Nc3 dxe4 6. Nxe4 Ng6 7. Bc4 Be7 8.
Qe2 O-O 9. Bd2 Nd7 10. O-O-O Nf6 11. h4 Nh5 12. Nfg5 1-0

[Event "40th Guernsey Open 2014"]
[Site "Vale GCI"]
[Date "2014.10.19"]
[Round "1.13"]
[White "Shaw, Meyrick"]
[Black "Johnsen, Gunnar"]
[Result "1/2-1/2"]
[WhiteElo "1964"]
[BlackElo "2140"]
[WhiteFideId "430803"]
[BlackFideId "1500511"]
[EventDate "2014.10.19"]
[EventType "swiss"]

1. d4 e6 2. Nf3 f5 3. g3 Nf6 4. Bg2 d5 5. Bf4 Bd6 6. e3 O-O 7. Nbd2 c5 8. O-O
Nc6 9. c4 cxd4 10. Bxd6 Qxd6 11. exd4 Bd7 12. c5 Qc7 13. a3 a5 14. Nb1 Ne4 15.
Nc3 Nxc3 16. bxc3 b6 17. cxb6 Qxb6 18. Rb1 Qc7 19. Re1 Qd6 20. a4 Rab8 21. Qe2
Rxb1 22. Rxb1 Rb8 23. Rxb8+ Qxb8 24. Qc2 Qb6 25. Bf1 Bc8 26. Qe2 h6 27. Qe3 Bd7
28. Bb5 1/2-1/2

[Event "40th Guernsey Open 2014"]
[Site "Vale GCI"]
[Date "2014.10.19"]
[Round "1.15"]
[White "Morcom, Huw"]
[Black "Dilleigh, Stephen P"]
[Result "0-1"]
[WhiteElo "1956"]
[BlackElo "2128"]
[WhiteFideId "1800469"]
[BlackFideId "408379"]
[EventDate "2014.10.19"]
[EventType "swiss"]

1. e4 e6 2. d4 d5 3. e5 c5 4. c3 Qb6 5. Nf3 Nc6 6. a3 c4 7. Be2 Na5 8. Nbd2 Bd7
9. O-O Ne7 10. Ng5 h6 11. Nh3 Qc7 12. g4 O-O-O 13. f4 g6 14. Qe1 Ba4 15. Bd1
Bxd1 16. Qxd1 Kb8 17. Rb1 h5 18. Ng5 Nc8 19. f5 Bh6 20. h4 Bxg5 21. hxg5 hxg4
22. fxg6 fxg6 23. Qxg4 Qh7 24. Qg2 Ne7 25. b4 cxb3 26. Nxb3 Nxb3 27. Rxb3 Nf5
28. Bf4 Qh4 29. Rb2 Qh3 30. Qf3 Qxf3 31. Rxf3 Rh7 32. Rh2 Rdh8 33. Rxh7 Rxh7 34.
Rf2 Rh3 35. Bd2 Kc7 36. Kg2 Rd3 37. Kh2 Kc6 38. a4 a5 39. Kg1 b5 0-1

[Event "40th Guernsey Open 2014"]
[Site "Vale GCI"]
[Date "2014.10.19"]
[Round "1.16"]
[White "Reijneveld, Ad"]
[Black "Magnussen, Pal"]
[Result "1/2-1/2"]
[WhiteElo "2120"]
[BlackElo "1952"]
[WhiteFideId "1010654"]
[BlackFideId "1711814"]
[EventDate "2014.10.19"]
[EventType "swiss"]

1. e4 e5 2. Nf3 Nc6 3. Bb5 f5 4. d3 d6 5. O-O Nf6 6. Nc3 Be7 7. exf5 Bxf5 8. d4
exd4 9. Nxd4 Bd7 10. Bxc6 bxc6 11. Qd3 d5 12. Re1 O-O 13. Qa6 Bc5 14. Nxc6 Bxf2+
15. Kxf2 Ne4+ 16. Kg1 Qf6 17. Be3 Nxc3 18. bxc3 1/2-1/2

[Event "40th Guernsey Open 2014"]
[Site "Vale GCI"]
[Date "2014.10.19"]
[Round "1.17"]
[White "Hermes, Geoff R"]
[Black "Hallerod, Ralph"]
[Result "0-1"]
[WhiteElo "1931"]
[BlackElo "2115"]
[WhiteFideId "423254"]
[BlackFideId "1705644"]
[EventDate "2014.10.19"]
[EventType "swiss"]

1. e4 c6 2. d4 d5 3. Nc3 dxe4 4. Nxe4 Nf6 5. Nxf6+ gxf6 6. Nf3 Bg4 7. Be2 e6 8.
Bf4 Bd6 9. Qd2 Qc7 10. Bxd6 Qxd6 11. O-O-O Nd7 12. h3 Bxf3 13. Bxf3 O-O-O 14. c4
c5 15. Qa5 cxd4 16. Qxa7 Qb6 17. Qxb6 Nxb6 18. c5 Nc4 19. Be2 Ne5 20. Bd3 f5 21.
f4 Nd7 22. c6 bxc6 23. Ba6+ Kc7 24. Rxd4 Rdg8 25. Rhd1 Nf6 26. Bf1 Rg3 27. Ra4
Rf8 28. Rdd4 Nd5 29. Ra7+ Kd6 30. b4 Re3 31. Kd2 Re4 32. Rxe4 fxe4 33. b5 e3+
34. Ke1 cxb5 35. Bxb5 Nxf4 36. g3 Nd5 37. Bc4 Kc5 38. Bb3 Rg8 39. Ra5+ Kd4 40.
Ra4+ Ke5 41. g4 f5 42. Bxd5 exd5 43. gxf5 d4 44. Ra5+ Ke4 45. Ra4 Kf3 0-1

[Event "40th Guernsey Open 2014"]
[Site "Vale GCI"]
[Date "2014.10.19"]
[Round "1.18"]
[White "Hamperl, Fred"]
[Black "Canonne, Antoine"]
[Result "1/2-1/2"]
[WhiteTitle "FM"]
[WhiteElo "2114"]
[BlackElo "1945"]
[WhiteFideId "10700110"]
[BlackFideId "619388"]
[EventDate "2014.10.19"]
[EventType "swiss"]

1. e4 c5 2. Nc3 e6 3. f4 d5 4. d3 Nc6 5. Be2 dxe4 6. dxe4 Qxd1+ 7. Bxd1 Bd7 8.
Nf3 O-O-O 9. O-O f6 10. Be3 Nh6 11. h3 Be7 12. Be2 Nf7 13. Rad1 Kb8 14. Rd2 Bc8
15. Rfd1 Rxd2 16. Rxd2 Rd8 17. Rxd8 Nfxd8 18. a3 b6 19. g4 Kb7 20. h4 Bd6 21. g5
Nf7 22. Bd3 Bb8 23. Kf2 fxg5 24. hxg5 h6 25. g6 Nd6 26. b3 Bd7 27. Ne2 Ne7 28.
Nh4 Bc6 29. Ng3 Be8 30. f5 exf5 31. exf5 Nb5 32. a4 Nd4 33. Bxd4 cxd4 34. Nf3
Bd7 35. Nxd4 Be5 36. Nge2 Kc7 37. Nf3 Kd6 38. Nfd4 Bxd4+ 1/2-1/2

[Event "40th Guernsey Open 2014"]
[Site "Vale GCI"]
[Date "2014.10.19"]
[Round "1.19"]
[White "Bakker, Joop"]
[Black "Purdon, Colin"]
[Result "1/2-1/2"]
[WhiteElo "1951"]
[BlackElo "2106"]
[WhiteFideId "1012100"]
[BlackFideId "408581"]
[EventDate "2014.10.19"]
[EventType "swiss"]

1. d4 d5 2. Nf3 Nf6 3. e3 Bf5 4. Bd3 Bxd3 5. cxd3 e6 6. Nc3 Be7 7. O-O O-O 8.
Ne5 c5 9. dxc5 Bxc5 10. d4 Be7 11. Qb3 Qb6 12. Qxb6 axb6 13. Bd2 Nc6 14. Nxc6
bxc6 15. Rfc1 Rfc8 16. a3 Nd7 17. e4 dxe4 18. Nxe4 Nf6 19. Nxf6+ Bxf6 20. Bc3
Rd8 21. g3 Rac8 22. Rd1 Rd5 23. Rd2 Rcd8 24. Rad1 Kf8 25. Kf1 Ke8 26. Ke2 Kd7
27. Rd3 Kc7 28. Ke3 Kb7 29. R1d2 g5 30. f3 h5 31. g4 Rh8 32. Rf2 Bd8 33. h3 hxg4
34. hxg4 Rh3 35. Ke2 Bc7 36. Bd2 Bg3 37. Rg2 Rh2 38. Rxh2 Bxh2 39. Be3 Bc7 40.
Rd1 Bd8 41. Rh1 Bf6 42. Rh7 1/2-1/2

[Event "40th Guernsey Open 2014"]
[Site "Vale GCI"]
[Date "2014.10.19"]
[Round "1.20"]
[White "Curtis, John E"]
[Black "Phillips, Owen S"]
[Result "1/2-1/2"]
[WhiteElo "2100"]
[BlackElo "1915"]
[WhiteFideId "411892"]
[BlackFideId "417882"]
[EventDate "2014.10.19"]
[EventType "swiss"]

1. d4 Nf6 2. Nf3 e6 3. e3 b6 4. Nbd2 Bb7 5. Bd3 d5 6. b3 Nbd7 7. Bb2 Ne4 8. O-O
Ndf6 9. Ne5 a6 10. Nxe4 dxe4 11. Be2 Nd7 12. Nxd7 Qxd7 13. f3 Bd6 14. fxe4 Bxe4
15. Bf3 Bxf3 16. Qxf3 O-O 17. e4 f6 18. Rad1 a5 19. a4 Rae8 20. Qd3 Rf7 21. Kh1
Qe7 22. Rf3 e5 23. d5 f5 24. Rxf5 Rxf5 25. exf5 e4 26. Qe3 Qh4 27. g3 Qh5 28.
Rf1 Bc5 29. Qc3 Qg4 30. Rf4 Qd1+ 31. Kg2 Qe2+ 32. Kh3 Qh5+ 33. Kg2 Qe2+ 34. Kh3
Qh5+ 1/2-1/2

[Event "40th Guernsey Open 2014"]
[Site "Vale GCI"]
[Date "2014.10.19"]
[Round "1.21"]
[White "Hawkins, James N H"]
[Black "Wager, John D"]
[Result "0-1"]
[WhiteElo "1923"]
[BlackElo "2088"]
[WhiteFideId "409928"]
[BlackFideId "420204"]
[EventDate "2014.10.19"]
[EventType "swiss"]

1. e4 Nc6 2. Nf3 d6 3. d4 Nf6 4. Nc3 g6 5. h3 Bg7 6. Be2 O-O 7. O-O a6 8. a4 b6
9. Be3 Bb7 10. Qd2 Re8 11. Rad1 e6 12. Bg5 Qc8 13. Rfe1 Ne7 14. e5 Nd7 15. exd6
cxd6 16. Bh6 Bh8 17. g4 Qc6 18. d5 Nxd5 19. Nxd5 exd5 20. Ng5 Ne5 21. f4 d4 0-1

[Event "40th Guernsey Open 2014"]
[Site "Vale GCI"]
[Date "2014.10.19"]
[Round "1.22"]
[White "Heppell, Ian N"]
[Black "De Kruif, Kees"]
[Result "1/2-1/2"]
[WhiteElo "2087"]
[BlackElo "1927"]
[WhiteFideId "412058"]
[BlackFideId "1006479"]
[EventDate "2014.10.19"]
[EventType "swiss"]

1. e4 c5 2. c3 d6 3. d4 cxd4 4. cxd4 g6 5. Nc3 Bg7 6. Nf3 Nf6 7. Bd3 O-O 8. O-O
a6 9. Qe2 Qa5 10. Bd2 Qh5 11. e5 dxe5 12. dxe5 Ng4 13. Bf4 Nc6 14. Rfe1 Bf5 15.
Bxf5 Qxf5 16. Bg3 Rad8 17. h3 Nh6 18. Rad1 Qe6 19. Ng5 Qf5 20. Nf3 Qe6 21. Qe4
Qf5 22. Qe2 1/2-1/2

[Event "40th Guernsey Open 2014"]
[Site "Vale GCI"]
[Date "2014.10.19"]
[Round "1.23"]
[White "Fassaert, Desire"]
[Black "Lochte, Thomas"]
[Result "0-1"]
[WhiteElo "1908"]
[BlackElo "2071"]
[WhiteFideId "1008331"]
[BlackFideId "4606272"]
[EventDate "2014.10.19"]
[EventType "swiss"]

1. Nf3 c5 2. c4 Nc6 3. d4 cxd4 4. Nxd4 Qb6 5. Nb3 e6 6. Nc3 Nf6 7. e4 Bb4 8. Be3
Qc7 9. f3 Qe5 10. Rc1 d5 11. cxd5 exd5 12. Bb5 dxe4 13. Bxc6+ bxc6 14. Bd4 Qg5
15. O-O Ba6 16. Re1 O-O 17. Bxf6 Qxf6 18. Rxe4 Rfd8 19. Rd4 Bc5 20. Nxc5 Rxd4
21. Qc2 Qg5 22. N3e4 Qe3+ 23. Kh1 Rc4 0-1

[Event "40th Guernsey Open 2014"]
[Site "Vale GCI"]
[Date "2014.10.19"]
[Round "1.24"]
[White "Rosen, Daniel B"]
[Black "Goetzee, Rick"]
[Result "1-0"]
[WhiteTitle "CM"]
[WhiteElo "2068"]
[BlackElo "1898"]
[WhiteFideId "405418"]
[BlackFideId "2501813"]
[EventDate "2014.10.19"]
[EventType "swiss"]

1. e4 c5 2. Nc3 e6 3. f4 d5 4. Nf3 dxe4 5. Nxe4 Nc6 6. Bb5 Bd7 7. O-O Nf6 8. d3
Be7 9. Qe2 O-O 10. Kh1 Nd4 11. Nxd4 cxd4 12. Bc4 Bc6 13. Bd2 Rc8 14. Ng3 b5 15.
Bb3 Bd5 16. Rac1 a5 17. c4 dxc3 18. bxc3 a4 19. Bxd5 Qxd5 20. c4 bxc4 21. dxc4
Qc5 22. f5 Rfd8 23. Bg5 Rd4 24. Rf4 Qd5 25. Rxd4 Qxd4 26. fxe6 Ba3 27. exf7+
Kxf7 28. Bxf6 gxf6 29. Rf1 Qh4 30. Qd3 Be7 31. Qd5+ Kf8 32. Ne4 Rd8 33. Qf5 Kg7
34. c5 Rd4 35. Ng3 Rg4 36. Qd3 Rd4 37. Nf5+ 1-0

[Event "40th Guernsey Open 2014"]
[Site "Vale GCI"]
[Date "2014.10.19"]
[Round "1.25"]
[White "Hickman, John E"]
[Black "Hewson, Brian Wr"]
[Result "1/2-1/2"]
[WhiteElo "1893"]
[BlackElo "2066"]
[WhiteFideId "408565"]
[BlackFideId "437484"]
[EventDate "2014.10.19"]
[EventType "swiss"]

1. e4 c6 2. d3 e5 3. Nf3 d6 4. d4 Qc7 5. c4 Nf6 6. Nc3 Be7 7. Be2 Nbd7 8. O-O
Nf8 9. d5 Ng6 10. Re1 O-O 11. Bd2 a5 12. Qc2 h6 13. a3 Nh5 14. Be3 Nhf4 15. Bf1
f5 16. Qb3 fxe4 17. Nxe4 cxd5 18. cxd5 a4 19. Qd1 Bg4 20. Rc1 Qd7 21. Bb6 Rac8
22. Nc3 Nh4 23. Qxa4 Qxa4 24. Nxa4 Bxf3 25. g3 Bxd5 26. gxh4 Bxh4 27. Rxc8 Rxc8
28. Nc3 Bc4 29. Bxc4+ Rxc4 30. Rd1 Be7 31. Be3 Kf7 32. Bxf4 Rxf4 33. Rd5 Bh4 34.
Rxd6 Bxf2+ 35. Kg2 Ke7 36. Rg6 Rf7 37. Ne4 Bd4 38. b3 Kf8 39. Re6 Re7 40. Rd6
Rc7 41. Rd5 b6 42. a4 Rc2+ 43. Kg3 Re2 44. Nd6 Re3+ 45. Kg4 Rxb3 46. Nf5 Rb4 47.
Rd8+ Kf7 48. Rd7+ Ke6 49. Rd6+ Kf7 50. Rd7+ Ke8 51. Rxg7 Rxa4 52. Nd6+ Kf8 53.
Rf7+ Kg8 54. Kf5 Bc5 55. Rd7 Bxd6 56. Rxd6 Rh4 57. Rxb6 Rxh2 58. Kxe5 Kg7 59.
Kf4 Rg2 60. Kf3 Rg1 61. Kf2 Rg5 62. Rb3 1/2-1/2

[Event "40th Guernsey Open 2014"]
[Site "Vale GCI"]
[Date "2014.10.19"]
[Round "1.27"]
[White "Ippel, Cornelius"]
[Black "Taylor, Mark V"]
[Result "1/2-1/2"]
[WhiteElo "1891"]
[BlackElo "2061"]
[WhiteFideId "1005146"]
[BlackFideId "409243"]
[EventDate "2014.10.19"]
[EventType "swiss"]

1. Nc3 e6 2. e4 b6 3. d4 Bb7 4. Bd3 c5 5. Be3 cxd4 6. Bxd4 Nc6 7. Be3 Nf6 8. h3
Bb4 9. Ne2 O-O 10. O-O Rc8 11. a3 Be7 12. f4 d5 13. exd5 Nxd5 14. Nxd5 Qxd5 15.
Nc3 Qd8 16. f5 Bg5 17. Qd2 Bxe3+ 18. Qxe3 Qd4 19. Qxd4 Nxd4 20. fxe6 fxe6 21.
Rxf8+ Rxf8 22. Rf1 Rd8 23. Kh2 h6 24. Nd1 g5 25. Rf6 e5 26. Ne3 Ba8 27. c3 Nf3+
28. gxf3 Rxd3 29. Nc4 Kg7 30. Rf7+ Kxf7 31. Nxe5+ Ke6 32. Nxd3 Bxf3 33. Kg3 1/2-1/2

[Event "40th Guernsey Open 2014"]
[Site "Vale GCI"]
[Date "2014.10.19"]
[Round "1.28"]
[White "Havenaar, Jan"]
[Black "Brookfield, Toby"]
[Result "1-0"]
[BlackTitle "CM"]
[WhiteElo "2050"]
[BlackElo "1879"]
[WhiteFideId "1005081"]
[BlackFideId "10700234"]
[EventDate "2014.10.19"]
[EventType "swiss"]

1. Nc3 c5 2. e4 d6 3. f4 g6 4. Nf3 Bg7 5. Bc4 Nc6 6. O-O e6 7. f5 exf5 8. d3 Nd4
9. Nxd4 Bxd4+ 10. Kh1 Be6 11. Nd5 h6 12. c3 Bg7 13. exf5 gxf5 14. Qa4+ Kf8 15.
Qb3 Ne7 16. Nxe7 Qxe7 17. Bf4 Bxc4 18. Qxc4 Re8 19. Qd5 Be5 20. Bxe5 dxe5 21.
Rxf5 Rd8 22. Qe4 f6 23. Raf1 Kg7 24. R1f3 Rhg8 25. Qh4 e4 26. Rxf6 1-0